000
00233nam a22000977a 4500
008
230627b xxu||||| |||| 00| 0 eng d
082
_a
338.9
_b
KEN
245
_a
National Development Plan 2002-2008
300
_a
XI,157p
942
_2
ddc
_c
BK
999
_c
2930
_d
2930